| 000 | 02139cam a2200373 i 4500 | ||
|---|---|---|---|
| 999 |
_c1124 _d1124 |
||
| 001 | 18528660 | ||
| 003 | OSt | ||
| 005 | 20211008142753.0 | ||
| 008 | 090122t20152015enka b 001 0 eng | ||
| 010 | _a 2014495860 | ||
| 020 | _a9781408705384 (paperback) | ||
| 020 | _a1408705389 (paperback) | ||
| 040 |
_aDLC _beng _erda _cDLC |
||
| 042 | _apcc | ||
| 043 | _ae-gx--- | ||
| 082 | _a943.086 HEL | ||
| 100 | 1 |
_aHelm, Sarah, _eauthor. |
|
| 240 | 1 | 0 | _aRavensbrück |
| 245 | 1 | 0 |
_aIf this is a woman : _binside Ravensbrück : Hitler's concentration camp for women / _cSarah Helm. |
| 264 | 1 |
_aLondon : _bLittle, Brown, _c[2015] |
|
| 300 |
_axviii, 748 pages : _billustrations ; _c24 cm |
||
| 336 |
_atext _btxt _2rdacontent |
||
| 337 |
_aunmediated _bn _2rdamedia |
||
| 338 |
_avolume _bnc _2rdacarrier |
||
| 500 | _aOriginally published under title: Ravensbrück. London : Little, Brown, 2009. | ||
| 504 | _aIncludes bibliographical references (pages 703-715) and index. | ||
| 520 | _aOn a sunny morning in May 1939 a phalanx of 800 women - housewives, doctors, opera singers, politicians, prostitutes - were marched through the woods fifty miles north of Berlin, driven on past a shining lake, then herded through giant gates. Whipping and kicking them were scores of German women guards. Their destination was Ravensbrück, a concentration camp designed specifically for women by Heinrich Himmler, prime architect of the Nazi genocide. For decades the story of Ravensbrück was hidden behind the Iron Curtain and today is still little known. Using testimony unearthed since the end of the Cold War, and interviews with survivors who have never spoken before, Helm has ventured into the heart of the camp, demonstrating for the reader in riveting detail how easily and quickly the unthinkable horror evolved. | ||
| 610 | 2 | 0 | _aRavensbrück (Concentration camp) |
| 650 | 0 |
_aWomen concentration camp inmates _zGermany _zRavensbrück. |
|
| 650 | 0 |
_aWomen prisoners _zGermany _zRavensbrück. |
|
| 650 | 0 |
_aWorld War, 1939-1945 _xPrisoners and prisons, German. |
|
| 906 |
_a7 _bcbc _corigres _d3 _encip _f20 _gy-gencatlg |
||
| 942 |
_2ddc _cNFIC |
||